ბათუმის შოთა რუსთაველის სახელმწიფო უნივერსიტეტის ბიბლიოთეკა

Повышение качества урожая сельскохозяйственных культур (научные основы) (ბიბ.ჩანაწერი № 45996)

000 -LEADER
fixed length control field 00734nam a2200217Ia 4500
001 - CONTROL NUMBER
control field 12825
003 - CONTROL NUMBER IDENTIFIER
control field GE_BSU
008 - FIXED-LENGTH DATA ELEMENTS--GENERAL INFORMATION
fixed length control field 181216s||||||||xx |||||||||||||| ||und||
040 ## - CATALOGING SOURCE
Transcribing agency GE_BSU
080 ## - UNIVERSAL DECIMAL CLASSIFICATION NUMBER
Universal Decimal Classification number 631+633+635
100 ## - MAIN ENTRY--PERSONAL NAME
Personal name Шарапов,Н.И.
245 ## - TITLE STATEMENT
Title Повышение качества урожая сельскохозяйственных культур (научные основы)
245 ## - TITLE STATEMENT
Statement of responsibility, etc. Ред.Ф.С.Голомысов
260 ## - PUBLICATION, DISTRIBUTION, ETC.
Place of publication, distribution, etc. Ленинград
260 ## - PUBLICATION, DISTRIBUTION, ETC.
Name of publisher, distributor, etc. Колос
260 ## - PUBLICATION, DISTRIBUTION, ETC.
Date of publication, distribution, etc. 1973
300 ## - PHYSICAL DESCRIPTION
Extent 224стр.20см.
300 ## - PHYSICAL DESCRIPTION
Dimensions Библиогр.с.203-222
653 ## - INDEX TERM--UNCONTROLLED
Uncontrolled term Повышение качества урожая сельскохозяйственных культур
942 ## - ADDED ENTRY ELEMENTS (KOHA)
Koha item type წიგნი
ეგზემპლარები
Withdrawn status Lost status Damaged status Not for loan Date acquired Barcode Date last seen Price effective from Koha item type
        2018-12-17 21013 2018-12-17 2018-12-17 წიგნი